Les plus grands joueurs de Ligue 1 - Statistiques

Statistiques générales
  • Ce quiz a été pris 177 fois
  • Le résultat moyen est 7 sur 20
Statistiques - réponses
Poste Joueur % Correct
Ailier gauche Kylian Mbappé
97%
Buteur Zlatan Ibrahimovic
82%
Buteur Edinson Cavani
77%
Défenseur central Thiago Silva
62%
Buteur Jean-Pierre Papin
46%
Milieu offensif Juninho Pernambucano
45%
Attaquant Pauleta
44%
Ailier polyvalent Angel Di Maria
39%
Milieu de terrain Marco Verratti
39%
Milieu offensif Dimitri Payet
37%
Milieu de terrain Michel Platini
35%
Défenseur central Laurent Blanc
27%
Ailier polyvalent David Ginola
18%
Attaquant Sonny Anderson
16%
Buteur Georges Weah
15%
Milieu offensif Raí
12%
Milieu offensif Nenê
11%
Milieu offensif Youri Djorkaeff
9%
Milieu de terrain Ludovic Giuly
7%
Milieu offensif Safet Sušić
3%
Aucun quiz correspondant
Distribution des résultats
% des personnes avec chaque résultat
Percentile par nombre de réponses
Votre historique - résultats
Vous n’avez pas pris ce quiz